000 00410nam a2200121Ia 4500
008 220217s9999 xx 000 0 und d
245 0 _aMethods of test for vulcanized rubbers. Part XVI. Measurement of cut growth of rubber by the use of the Ross flexing machine
260 _c1974
500 _aStandard number: IS 3400 Part XVI
650 _aRoss flexing machine
650 _aVulcanized rubber
942 _cST
999 _c73689
_d73689